<?xml version="1.0" encoding="UTF-8"?>
<marc:record xmlns:marc="http://www.loc.gov/MARC21/slim">
   <marc:leader>00000nam a2200000 a 4500</marc:leader>
   <marc:datafield ind1="1" ind2=" " tag="100">
      <marc:subfield code="a">Dietl, Erhard</marc:subfield>
      <marc:subfield code="4">aut</marc:subfield>
      <marc:subfield code="e">Verfasser/-in</marc:subfield>
   </marc:datafield>
   <marc:datafield ind1=" " ind2=" " tag="653">
      <marc:subfield code="a">Antolin Klasse-1</marc:subfield>
   </marc:datafield>
   <marc:datafield ind1="0" ind2="0" tag="245">
      <marc:subfield code="a">Mein Fußball Spielbuch</marc:subfield>
   </marc:datafield>
   <marc:datafield ind1=" " ind2="1" tag="264">
      <marc:subfield code="b">Verlag Friedrich Oetinger</marc:subfield>
      <marc:subfield code="c">2008</marc:subfield>
   </marc:datafield>
   <marc:datafield ind1="1" ind2=" " tag="520">
      <marc:subfield code="a">Erste Liga Mini-Fußball! Ein Lieblingsbuch für kleine Kicker Was für eine Mannschaft! Mit Walze, der Kuh, Verteidiger Gottfried Ganz, Herbert Hase mit dem Hakentrick und Toni Torwart, dem gewichtigen Schwein, kann man doch nur gewinnen! Besonders dann, wenn die Kinder ihren Lieblingskickern beim Spielen helfen können: Sie lassen sie beim Training springen, kicken den Ball mit einer Ziehklappe nach oben und zeigen die gelbe Karte. Am schönsten aber ist es, wenn der kleine Max Maus den beweglichen Pappball unhaltbar in die Ecke des Tores schießt! Ein großer Fußballspaß von Erhard Dietl: Training, Tore, Fouls und mehr! Mit Klappen, Schieber und einem gepolsterten Ball.</marc:subfield>
   </marc:datafield>
   <marc:datafield ind1=" " ind2=" " tag="020">
      <marc:subfield code="a">9783789164217</marc:subfield>
      <marc:subfield code="9">9783789164217</marc:subfield>
   </marc:datafield>
</marc:record>
